000 00715nmm a2200205Ia 4500
008 251105s9999||||xx |||||||||||||||||und||
020 _a9788437072586
041 _aspa
100 _aGonzález Morales, M.ª Gloria
245 0 _aEl absentismo laboral :
_b Antecedentes, consecuencias y estrategias de mejora
264 _a[Madrid, España] :
_bPublicaciones de la Universidad de Valencia (PUV),
_c2008
300 _a212 páginas
490 _aFora de Col·lecció
650 _aEconomics and Business
700 _aGonzález Morales, M.ª Gloria
700 1 _a Peiró Silla, José María
700 1 _a Rodríguez-Molina, Isabel
856 _uhttps://public.digitaliapublishing.com/a/34918
942 _cCF
999 _c66322
_d66322